| 000 | 01047 a2200181 4500 | ||
|---|---|---|---|
| 003 | Nust | ||
| 005 | 20170207153313.0 | ||
| 020 | _a0026-7775 | ||
| 040 | _cNust | ||
| 082 | _a551 | ||
| 100 | _aGreen A H | ||
| 245 |
_aFirst lessons in Modern geology. _cA.H Green |
||
| 260 |
_aOxford _bAt The Clarendon _c1898 |
||
| 300 | _a211:p | ||
| 505 | _aWhat geology can Teach us (Page-1) What Sandstone is made of (Page-9) What Quartz is made of (Page-17) How Sandstones and Clays are Produced(Page-34) What Limestone’s is Made of (page-51) How Limestone’s Ware Formed (Page-58) On The Distribution of the Material (Page-72) About Rock-salt , Dolomite and Gypsum(Page-81) About Coal and How it Was Made (Page-91)About Glacier and Ice-Sheets (Page-103) About Crystals (Page-114) About Crystalline ,Gassy and Fragmentary Rock (Page-125)How Rock Have Been Bent into Folds (Page-155) Some Way in Which Rocks have Been Altered in Structure Since They Were Formed (Page-173) About Fossils (Page-200) | ||
| 538 | _aAlmirah No 18. Shelf No.4 | ||
| 650 | _aGeology | ||
| 942 |
_2ddc _cBK |
||
| 999 |
_c183767 _d183767 |
||